Nogueira el pionero

Guardat en:
Dades bibliogràfiques
Autor principal: Martinic Beros, Mateo (autor)
Format: Llibre
Idioma:espanyol
Publicat: Punta Arenas, Chile Univ. de Magallanes 1986
Matèries:
Etiquetes: Afegir etiqueta
Sense etiquetes, Sigues el primer a etiquetar aquest registre!

MARC

LEADER 00000nam a2200000 a 4500
001 UCW9399
003 CL-VaPUC
005 20211012170149.0
008 890413e19860000CL |||||||||||||||||spa|d
999 |c 221392  |d 221390 
040 |c Pontificia Universidad Católica de Valparaíso 
082 0 4 |a 983.644 MAR 1986  |2 21 
100 |a Martinic Beros, Mateo  |e autor  |9 315280 
245 1 0 |a Nogueira el pionero 
260 |a Punta Arenas, Chile  |b Univ. de Magallanes  |c 1986 
300 |a 173 páginas 
583 |a last modification  |c 20150113 05:14:09  |k Rodrigo Vera 
600 0 7 |a NOGUEIRA, JOSE  |2 CL-VaPUC  |9 314660  |z PORTUGAL 
650 7 |a EXPLORADORES  |2 CL-VaPUC  |9 314661  |x BIOGRAFIAS 
650 7 |a HISTORIA DE CHILE  |2 CL-VaPUC  |9 257187  |y SIGLO 19 
651 7 |a PUNTA ARENAS  |2 CL-VaPUC  |9 314662  |z CHILE 
852 |a BIBCUR 
942 |c BK  |2 ddc 
945 |d 19890413 00:00:00 
952 |0 0  |1 0  |2 ddc  |4 0  |6 983_644000000000000_MAR_1986  |7 0  |8 A  |9 214663  |a BIBHIS  |b BIBHIS  |d 2019-11-15  |i 2832143  |l 3  |o 983.644 MAR 1986  |p 2832143  |r 2025-01-20  |s 2023-05-09  |t 1  |w 2019-11-15  |y BK  |k HIS